Jsi štěstím mým tango /
| Main Author: | Holečková, Božena, hudebnice |
|---|---|
| Other Authors: | Pecha, Antonín, 1959-, Beneš, Zdeněk, 1959- |
| Language: | Czech |
| Published: |
Praha : Kubešovo hudební vydavatelství , [1996] |
| Physical Description: |
18 hlasů ; 30 cm |
| LEADER | 01264ncm a2200349 a 4500 | ||
|---|---|---|---|
| 001 | 000922690 | ||
| 003 | CZ BrMZK | ||
| 005 | 20160923072157.0 | ||
| 007 | qu | ||
| 008 | 081125s1996 xr dfzdg || cze d | ||
| 024 | 2 | |a M-66055-434-0 | |
| 024 | 2 | |a M-66055-422-7 | |
| 028 | 2 | 1 | |a Kubešovo hudební vydavatelství |b 30-0071 |
| 040 | |a BOA001 |b cze | ||
| 048 | |a of01 |b vu02 | ||
| 072 | 7 | |a 784 |x Vokální hudba |2 Konspekt |9 9 | |
| 080 | |a 784.9.085.321 |2 MRF | ||
| 080 | |a 785.12 |2 MRF | ||
| 080 | |a 78.087 |2 MRF | ||
| 100 | 1 | |a Holečková, Božena, |c hudebnice |4 cmp |4 lyr | |
| 245 | 1 | 0 | |a Jsi štěstím mým |h [hudebnina] : |b tango / |c Božena Holečková.^^Božejáci přišli hrát : polka / Antonín Pecha ; Zdeněk Beneš |
| 260 | |a Praha : |b Kubešovo hudební vydavatelství , |c [1996] | ||
| 300 | |a 18 hlasů ; |c 30 cm | ||
| 650 | 0 | 7 | |a tanga (zpěv (2), dechový orchestr) |7 ph321641 |2 czenas |
| 655 | 7 | |a hlasy |7 fd186703 |2 czenas | |
| 700 | 1 | |a Pecha, Antonín, |d 1959- |7 mzk2005290039 |4 cmp | |
| 700 | 1 | |a Beneš, Zdeněk, |d 1959- |7 mzk2011667989 |4 lyr | |
| 740 | 0 | 2 | |a Božejáci přišli hrát |
| 910 | |a BOA001 |b Mus4-1210.596 | ||
| 990 | |a MU | ||
| 991 | |b 200812 |c NOV | ||
| 996 | 6 | |b 2610355905 |c Mus4-1210.596 |l MZK |r Sklad / do 1 hodiny |n 0 |w 000922690 |u 000010 |a 1 |e BOA001 |j MZK50 |s P | |
English
Čeština 